Sustainable settlement and development of the Onchocerciasis control programme area : proceedings of a ministerial meeting (Record no. 59252)

MARC details
000 -LEADER
fixed length control field 00893nam a2200205 a 4500
008 - FIXED-LENGTH DATA ELEMENTS--GENERAL INFORMATION
fixed length control field 081111s1995 ||||||||||||||||| || u
050 ## - LIBRARY OF CONGRESS CALL NUMBER
Classification number IBRD(08)
100 ## - MAIN ENTRY--PERSONAL NAME
Personal name Elder, John
245 10 - TITLE STATEMENT
Title Sustainable settlement and development of the Onchocerciasis control programme area : proceedings of a ministerial meeting
Statement of responsibility, etc. edited by John Edler; Laura Cooley
260 ## - PUBLICATION, DISTRIBUTION, ETC.
Place of publication, distribution, etc. Washington, D. C.
Name of publisher, distributor, etc. World Bank
Date of publication, distribution, etc. 1995
300 ## - PHYSICAL DESCRIPTION
Extent xiii, 165p.: ill.
350 ## - PRICE (NR) (BK AM CF MU VM SE) [OBSOLETE]
Price 0.00
490 ## - SERIES STATEMENT
Series statement World Bank Technical Papers
650 ## - SUBJECT ADDED ENTRY--TOPICAL TERM
Topical term or geographic name entry element LAND
650 ## - SUBJECT ADDED ENTRY--TOPICAL TERM
Topical term or geographic name entry element SUSTAINABLE AGRICULTURE--AFRICA, WEST--CONGRESSES
650 ## - SUBJECT ADDED ENTRY--TOPICAL TERM
Topical term or geographic name entry element LAND SETTLEMENT--AFRICA, WEST--CONGRESSES
650 ## - SUBJECT ADDED ENTRY--TOPICAL TERM
Topical term or geographic name entry element ONCHOCERCIASIS--AFRICA, WEST--CONGRESSES
700 ## - ADDED ENTRY--PERSONAL NAME
Personal name Cooley, Laura
995 ## - RECOMMENDATION 995 [LOCAL, UNIMARC FRANCE]
-- 0.00
-- CBU-MAIN LIBRARY (Kitwe)
-- 1
-- 0.00
-- 1
-- AVAILABLE
-- Nov 11, 2008
-- International Publications
Holdings
Withdrawn status Lost status Source of classification or shelving scheme Damaged status Not for loan Home library Current library Shelving location Date acquired Total Checkouts Full call number Barcode Date last seen Price effective from Koha item type
          CBU-MAIN LIBRARY, KITWE. CBU-MAIN LIBRARY, KITWE.   11/30/2022   IBRD(08) 019987 11/30/2022 11/30/2022 MONOGRAPH